Holistický marketing v praxi cestovného ruchu

Holistický marketing a jeho podstata. Štyri komponenty holistickej marketingovej koncepcie. Charakteristiky a ciele interného marketingu, vzťahového marketingu, integrovaného marketingu a výkonového marketingu.

Na minha lista:
Detalhes bibliográficos
Autor principal: Gúčik, Marián
Formato: Capítulo de Livro
Idioma:eslovaco
Assuntos:
Tags: Adicionar Tag
Sem tags, seja o primeiro a adicionar uma tag!

MARC

LEADER 00000naa a2200000 4500
001 0242653
005 20180507102842.7
041 0 |a slo 
044 |a SK 
245 1 0 |a Holistický marketing v praxi cestovného ruchu  |c Marián Gúčik 
520 |a Holistický marketing a jeho podstata. Štyri komponenty holistickej marketingovej koncepcie. Charakteristiky a ciele interného marketingu, vzťahového marketingu, integrovaného marketingu a výkonového marketingu. 
610 2 0 |a marketing interný 
610 2 0 |a marketing vzťahový 
610 2 0 |a zákazníci 
610 2 0 |a spokojnosť zákazníkov 
610 2 0 |a zamestnanci 
610 2 0 |a produkty 
610 2 0 |a služby 
610 2 0 |a podnik ruchu cestovného 
610 2 0 |a ruch cestovný 
610 2 0 |a hodnota 
100 1 |a Gúčik, Marián